[Event "Offene Senioren SH 2013"]
[Site "Büsum"]
[Date "2013.09.28"]
[Round "1.1"]
[White "Baum, Dr.Bernd"]
[Black "Kluger, Hans-Peter"]
[Result "1-0"]
[WhiteElo "2320"]
[BlackElo "1947"]
[PlyCount "83"]
[EventDate "2013.??.??"]
[WhiteTeam "SV Empor Erfurt"]
[BlackTeam "SF Fallersleben"]

1. c4 g6 2. Nc3 Bg7 3. g3 Nf6 4. Bg2 O-O 5. d3 c6 6. e4 d6 7. Nge2 Nbd7 8. O-O
Rb8 9. Be3 a6 10. h3 b5 11. Qd2 bxc4 12. dxc4 Ne5 13. b3 Bb7 14. f4 Ned7 15.
Rad1 Qc7 16. g4 Rfd8 17. Qc1 c5 18. Ng3 Qa5 19. Rd3 Ne8 20. Rf2 Nc7 21. Bd2 Qb6
22. Re2 Bc6 23. Nd5 Bxd5 24. exd5 Re8 25. Qe1 e5 26. dxe6 Nxe6 27. Ba5 Qa7 28.
Rxd6 Bd4+ 29. Kh1 Nf6 30. Ne4 Nxe4 31. Rxe4 Ng7 32. Bb6 Qa8 33. Qb1 Rxb6 34.
Rxb6 Qd8 35. Rxa6 Ne6 36. Qe1 Qc7 37. f5 Rf8 38. fxe6 fxe6 39. Raxe6 Bf2 40.
Qe2 Bh4 41. Re8 Kg7 42. R4e7+ 1-0

[Event "Offene Senioren SH 2013"]
[Site "Büsum"]
[Date "2013.09.28"]
[Round "1.2"]
[White "Wittkugel, Friedhelm"]
[Black "Hess, Christian"]
[Result "0-1"]
[WhiteElo "1937"]
[BlackElo "2273"]
[PlyCount "60"]
[EventDate "2013.??.??"]
[WhiteTeam "Schachverein Kamen 1930"]
[BlackTeam "Koenigsspr.SC.1984 e.V."]

1. d4 Nf6 2. Nf3 g6 3. e3 Bg7 4. c4 O-O 5. Nc3 c5 6. Be2 cxd4 7. exd4 d5 8. h3
Nc6 9. O-O b6 10. Be3 Bb7 11. Qd2 Ne4 12. Qc2 Nxc3 13. bxc3 dxc4 14. Bxc4 Rc8
15. Be2 Na5 16. Rac1 Nc4 17. Bf4 Qd5 18. Rfd1 b5 19. Ne1 b4 20. Bf3 Qd7 21.
Bxb7 Qxb7 22. Qb3 Qe4 23. Nd3 bxc3 24. Rxc3 Qxd4 25. Rdc1 Na5 26. Rxc8 Nxb3 27.
Rxf8+ Bxf8 28. Rc8 Qd7 29. Rb8 Qxd3 30. axb3 Kg7 0-1

[Event "Offene Senioren SH 2013"]
[Site "Büsum"]
[Date "2013.09.28"]
[Round "1.3"]
[White "Pape, Manfred"]
[Black "Kreie, Günter"]
[Result "1/2-1/2"]
[WhiteElo "2225"]
[BlackElo "1932"]
[PlyCount "66"]
[EventDate "2013.??.??"]
[WhiteTeam "SK Bad Harzburg"]
[BlackTeam "Turn- u. Sportverein Eichholz-Re"]

1. d4 Nf6 2. Nc3 d5 3. Bg5 e6 4. e4 h6 5. Bxf6 Qxf6 6. exd5 Bb4 7. Bb5+ c6 8.
dxc6 bxc6 9. Be2 O-O 10. Nf3 c5 11. O-O Bb7 12. Na4 cxd4 13. Qxd4 Nc6 14. Qxf6
gxf6 15. Rfd1 Rad8 16. c3 Be7 17. b4 Ne5 18. Nxe5 fxe5 19. Rxd8 Rxd8 20. Rd1
Rxd1+ 21. Bxd1 e4 22. Be2 a6 23. Kf1 Kf8 24. Ke1 Ke8 25. Nb2 Kd8 26. Nc4 Bf6
27. Kd2 Kc7 28. a4 Bc6 29. Na5 Bg5+ 30. Ke1 Bf6 31. Kd2 Bg5+ 32. Ke1 Bf6 33.
Kd2 Bg5+ 1/2-1/2

[Event "Offene Senioren SH 2013"]
[Site "Büsum"]
[Date "2013.09.28"]
[Round "1.4"]
[White "Nickel, Jürgen"]
[Black "Schumacher, Gottfried"]
[Result "0-1"]
[WhiteElo "1929"]
[BlackElo "2212"]
[Annotator ",Microsoft"]
[PlyCount "84"]
[EventDate "2013.??.??"]
[WhiteTeam "Flensburger SK von 1876"]
[BlackTeam "HTC Bad Neuenahr"]

1. d4 d5 2. Nf3 Nf6 3. e3 e6 4. Bd3 c5 5. b3 Nc6 6. Bb2 Bd6 7. Ne5 O-O 8. O-O
Nd7 9. f4 f5 10. Nxc6 bxc6 11. Nd2 a5 12. a4 Nf6 13. Rf3 Qb6 14. Rb1 Ba6 15.
Bxa6 Qxa6 16. Qf1 Qa7 17. Kh1 cxd4 18. exd4 Bb4 19. Qe2 Ne4 20. Nxe4 fxe4 21.
Rff1 Rf6 22. g3 Qa6 23. Qxa6 Rxa6 24. Kg2 Rf8 25. Kf2 Be7 26. Ke2 h5 27. Bc3 g6
28. h4 $11 Rb8 29. Ke3 Kf7 30. Rfd1 Kf6 31. Rf1 Kf5 32. Rfd1 Kg4 33. Kf2 Rb7
34. Ra1 Ra8 35. Ke3 Bf6 36. Rab1 c5 37. Ba1 Rc8 38. dxc5 Bxa1 39. Rxa1 Rxc5 40.
Rd2 Rb4 41. Rg1 Rc3+ 42. Kf2 e3+ 0-1

[Event "Offene Senioren SH 2013"]
[Site "Büsum"]
[Date "2013.09.28"]
[Round "1.5"]
[White "Szenetra, Werner"]
[Black "Wulf, Adalbert"]
[Result "1-0"]
[WhiteElo "2198"]
[BlackElo "1929"]
[PlyCount "77"]
[EventDate "2013.??.??"]
[WhiteTeam "SV Berenbostel"]
[BlackTeam "Schachverein Ennigerloh-Oelde"]

1. Nf3 Nf6 2. d3 g6 3. g3 Bg7 4. Bg2 d5 5. O-O O-O 6. Nbd2 c5 7. e4 dxe4 8.
dxe4 Nc6 9. c3 Bg4 10. h3 Bxf3 11. Qxf3 Qc7 12. Qe2 e6 13. Nc4 b5 14. Ne3 c4
15. f4 Rac8 16. e5 Nd7 17. a4 a6 18. Nc2 Rfe8 19. axb5 axb5 20. Be3 Bf8 21. Ra6
Qb7 22. Ra7 Qxa7 23. Bxa7 Nxa7 24. Rd1 Bc5+ 25. Kf1 Nb6 26. Rd2 Rcd8 27. Qd1
Rxd2 28. Qxd2 Re7 29. Qd8+ Kg7 30. Nd4 Rd7 31. Qf6+ Kg8 32. Qh4 b4 33. g4 b3
34. f5 Na4 35. fxe6 fxe6 36. Nxe6 Ba3 37. Ng5 Nxb2 38. Bd5+ Kf8 39. Nxh7+ 1-0

[Event "Offene Senioren SH 2013"]
[Site "Büsum"]
[Date "2013.09.28"]
[Round "1.6"]
[White "Schmidt, Reinhard"]
[Black "Hassenrück, Helmut"]
[Result "0-1"]
[WhiteElo "1927"]
[BlackElo "2194"]
[PlyCount "48"]
[EventDate "2013.??.??"]
[WhiteTeam "SFO Warnemünde"]
[BlackTeam "Schachgesellschaft-Gladbeck 19/2"]

1. e4 c5 2. Nf3 Nc6 3. d4 cxd4 4. Nxd4 e5 5. Nf3 Nf6 6. Bc4 Bb4+ 7. c3 Be7 8.
O-O O-O 9. Qe2 d6 10. Rd1 Be6 11. Nbd2 Rc8 12. Bb3 Qc7 13. Nf1 h6 14. Ng3 Rfd8
15. Bd2 d5 16. exd5 Bxd5 17. Bxd5 Nxd5 18. Be1 Nf4 19. Qc2 Nb4 20. Qe4 Nbd3 21.
Rab1 Bc5 22. Kf1 b5 23. Ne2 Nxe1 24. Nxf4 Nxf3 0-1

[Event "Offene Senioren SH 2013"]
[Site "Büsum"]
[Date "2013.09.28"]
[Round "1.7"]
[White "Meier, Wolfgang"]
[Black "Gehrmann, Dorit"]
[Result "1/2-1/2"]
[WhiteElo "2188"]
[BlackElo "1927"]
[PlyCount "116"]
[EventDate "2013.??.??"]
[WhiteTeam "SV Lok Dresden"]
[BlackTeam "SV Eutin von 1875"]

1. d4 d5 2. c4 c6 3. Nf3 Nf6 4. Nc3 e6 5. Bg5 Be7 6. e3 O-O 7. Bd3 dxc4 8. Bxc4
Nbd7 9. O-O c5 10. Qe2 cxd4 11. Nxd4 Nd5 12. Bxe7 Nxc3 13. Bxd8 Nxe2+ 14. Nxe2
Rxd8 15. Rfd1 Rf8 16. Rac1 Nf6 17. Bb3 b6 18. Rc7 Ba6 19. Nd4 Bc8 20. Nc6 a5
21. f3 Ba6 22. Kf2 Bb5 23. a4 Bxc6 24. Rxc6 Rab8 25. Bc4 g6 26. e4 Rbc8 27.
Rxc8 Rxc8 28. b3 Kf8 29. Rd6 Rb8 30. Bb5 Ke7 31. e5 Nd5 32. Rd7+ Kf8 33. Bc4
Nb4 34. Ke3 Ke8 35. Rc7 h6 36. Ke4 Kf8 37. h4 Ke8 38. g4 g5 39. h5 Kf8 40. f4
gxf4 41. Kxf4 Nd5+ 42. Bxd5 exd5 43. Rd7 b5 44. Rxd5 bxa4 45. bxa4 Rb4+ 46. Kf5
Rxa4 47. Rd6 Kg7 48. g5 hxg5 49. h6+ Kh7 50. Kxg5 Re4 51. Kf5 Rh4 52. Rf6 Rh5+
53. Ke4 Rxh6 54. Rxf7+ Kg8 55. Ra7 a4 56. Kf5 Rh4 57. e6 Kf8 58. Ke5 Ke8
1/2-1/2

[Event "Offene Senioren SH 2013"]
[Site "Büsum"]
[Date "2013.09.28"]
[Round "1.8"]
[White "Micheel, Peter"]
[Black "Kreutzkamp, Hans-Rudolf"]
[Result "0-1"]
[WhiteElo "1926"]
[BlackElo "2187"]
[PlyCount "97"]
[EventDate "2013.??.??"]
[WhiteTeam "SSC Graal-Müritz"]
[BlackTeam "SK Union Eimsbuettel eV"]

1. e4 e5 2. Nf3 Nc6 3. Bb5 a6 4. Bxc6 dxc6 5. O-O Bg4 6. h3 Bxf3 7. Qxf3 Qd7 8.
Qe3 b6 9. a4 Nf6 10. d3 Bd6 11. Nd2 O-O 12. Nc4 b5 13. Nxd6 cxd6 14. b3 Rfe8
15. g4 d5 16. g5 Nh5 17. Qf3 g6 18. Qg4 Qd6 19. Bd2 dxe4 20. Qxe4 f5 21. gxf6
Nxf6 22. Qf3 e4 23. dxe4 Nxe4 24. Be3 Qe6 25. Rfe1 Rad8 26. axb5 axb5 27. Bh6
Rd7 28. Qg4 Qxg4+ 29. hxg4 Kf7 30. f3 Nc3 31. Rxe8 Kxe8 32. Re1+ Kf7 33. Kf2
Ra7 34. Bg5 Nd5 35. Re2 h5 36. gxh5 gxh5 37. c4 bxc4 38. bxc4 Nb4 39. Be3 Nd3+
40. Kg3 Ra4 41. Rc2 Ne5 42. c5 Ra3 43. Re2 Ke6 44. Kh4 Kf5 45. Kg3 Ra8 46. Bd4
Rg8+ 47. Kf2 Nd3+ 48. Ke3 Nf4 49. Kd2 0-1

[Event "Offene Senioren SH 2013"]
[Site "Büsum"]
[Date "2013.09.28"]
[Round "1.9"]
[White "Klages, Hans Jürgen"]
[Black "Zimmermann, Manfred"]
[Result "1-0"]
[WhiteElo "2183"]
[BlackElo "1925"]
[PlyCount "53"]
[EventDate "2013.??.??"]
[WhiteTeam "SVg Böhmetal"]
[BlackTeam "Kieler SG von 1884 / Meerbauer"]

1. d4 d5 2. e4 c6 3. Nc3 dxe4 4. Nxe4 Nd7 5. Bc4 e6 6. Nf3 Ndf6 7. Bg5 Be7 8.
Ned2 Nd5 9. Bxe7 Qxe7 10. Ne5 Nh6 11. Qf3 f6 12. Nd3 O-O 13. O-O Kh8 14. Rfe1
Qd8 15. Ne4 b6 16. c3 Nf7 17. Rad1 Nd6 18. Bb3 Nxe4 19. Qxe4 Bd7 20. Bc2 g6 21.
c4 Nc7 22. Re3 Qe8 23. Qf4 Rc8 24. Qd6 Qf7 25. Nf4 Ne8 26. Qa3 a5 27. Bxg6 1-0

[Event "Offene Senioren SH 2013"]
[Site "Büsum"]
[Date "2013.09.28"]
[Round "1.10"]
[White "Baerthel, Klaus"]
[Black "Müller, Rudolf"]
[Result "0-1"]
[WhiteElo "1922"]
[BlackElo "2180"]
[PlyCount "96"]
[EventDate "2013.??.??"]
[WhiteTeam "Naumburger Sportverein 1951"]
[BlackTeam "Karlsruher SF 1853"]

1. e4 e5 2. Nf3 Nc6 3. Bb5 a6 4. Ba4 Nf6 5. O-O b5 6. Bb3 Bc5 7. Nxe5 Nxe5 8.
d4 Bxd4 9. Qxd4 d6 10. c3 c5 11. Qe3 Bb7 12. f3 O-O 13. Nd2 Re8 14. Rd1 Qc7 15.
Nf1 Rad8 16. Qf2 c4 17. Bc2 d5 18. Bg5 Qc6 19. exd5 Rxd5 20. Bxf6 Qxf6 21. Rxd5
Bxd5 22. Rd1 Bc6 23. Ng3 g5 24. Ne4 Bxe4 25. Bxe4 Ng6 26. Qd4 Qe6 27. Qd6 Nf4
28. g3 Nh5 29. Qxe6 Rxe6 30. Kf2 Nf6 31. Bf5 Re5 32. g4 a5 33. Rd6 Nd5 34. Ra6
a4 35. Be4 Nf4 36. Rd6 h5 37. gxh5 f5 38. Bc6 Re2+ 39. Kf1 Rxb2 40. Rf6 b4 41.
Bxa4 bxc3 42. Rxf5 Rxa2 43. Bb5 Ra1+ 44. Kf2 Nd3+ 45. Kg2 Nb2 46. Rxg5+ Kh8 47.
Bc6 c2 48. Be4 c1=Q 0-1

[Event "Offene Senioren SH 2013"]
[Site "Büsum"]
[Date "2013.09.28"]
[Round "1.11"]
[White "Vogel, Jaap"]
[Black "Neumann, Horst"]
[Result "1-0"]
[WhiteElo "2178"]
[BlackElo "1908"]
[PlyCount "59"]
[EventDate "2013.??.??"]
[BlackTeam "SG Güls/Niederfell"]

1. d4 d5 2. Nf3 Nf6 3. c4 c6 4. e3 g6 5. Nc3 Bg7 6. Be2 O-O 7. h3 Nbd7 8. O-O
Nb6 9. b3 Bf5 10. a4 a5 11. Ba3 Re8 12. Rc1 Ne4 13. Nxe4 Bxe4 14. Ng5 Bf5 15.
f4 h6 16. Nf3 Be4 17. Nd2 Bf5 18. g4 Bd7 19. Nf3 Nc8 20. Ne5 Nd6 21. Bd3 Ne4
22. Rc2 h5 23. Rg2 Bxe5 24. fxe5 hxg4 25. Bxe4 gxh3 26. Bxg6 hxg2 27. Rxf7 Rf8
28. Qh5 Rxf7 29. Bxf7+ Kg7 30. Qg6+ 1-0

[Event "Offene Senioren SH 2013"]
[Site "Büsum"]
[Date "2013.09.28"]
[Round "1.12"]
[White "Merettig, Georg"]
[Black "Achenbach, Manfred"]
[Result "1/2-1/2"]
[WhiteElo "1882"]
[BlackElo "2147"]
[PlyCount "72"]
[EventDate "2013.??.??"]
[WhiteTeam "SV Caissa Wolfenbüttel"]
[BlackTeam "Schachclub Mülheim 08/25 e.V."]

1. Nc3 c5 2. f4 g6 3. e4 Bg7 4. Nf3 e6 5. Bc4 Ne7 6. O-O O-O 7. e5 d5 8. Be2
Nbc6 9. d4 b6 10. dxc5 bxc5 11. Na4 Qc7 12. Kh1 Nf5 13. Nxc5 Nb4 14. a3 Qxc5
15. axb4 Qxb4 16. g4 Nh6 17. Rg1 a5 18. c3 Qe7 19. b4 Bb7 20. bxa5 Qc7 21. a6
d4 22. cxd4 Rfd8 23. Be3 Be4 24. Qc1 Qd7 25. Qf1 Qd5 26. Qh3 Rdb8 27. Kg2 Rb2
28. Kf1 Qb3 29. Bc1 Rc2 30. Ng5 Rc3 31. Rg3 Rxg3 32. Qxg3 Qxg3 33. hxg3 Bd5 34.
Bd2 Bf8 35. Ba5 Kg7 36. Bc7 Bb4 1/2-1/2

[Event "Offene Senioren SH 2013"]
[Site "Büsum"]
[Date "2013.09.28"]
[Round "1.13"]
[White "Reinhold, Dr.Klaus"]
[Black "Fanenbruck, Günter"]
[Result "1-0"]
[WhiteElo "2123"]
[BlackElo "1879"]
[PlyCount "59"]
[EventDate "2013.??.??"]
[WhiteTeam "Schachclub Gronau 1920 e.V."]
[BlackTeam "SV Bad Schwartau von 1930"]

1. d4 d6 2. c4 e5 3. Nf3 e4 4. Ng5 f5 5. g3 h6 6. Nh3 Be6 7. d5 Bf7 8. Bg2 Nf6
9. Nc3 Nbd7 10. O-O Be7 11. f3 exf3 12. exf3 Ne5 13. Qc2 Qd7 14. Ne2 g6 15. Nd4
O-O-O 16. Nf4 Rh7 17. Nfe6 Rdh8 18. f4 Neg4 19. Re1 Ne8 20. Nc6 Ng7 21. Nxa7+
Kb8 22. Nc6+ bxc6 23. dxc6 Qc8 24. Qb3+ Ka7 25. Be3+ Nxe3 26. Qxe3+ Ka8 27. Qb3
Ka7 28. Nxg7 Rxg7 29. Rxe7 Bxc4 30. Qe3+ 1-0

[Event "Offene Senioren SH 2013"]
[Site "Büsum"]
[Date "2013.09.28"]
[Round "1.14"]
[White "Langmann, Claus"]
[Black "Hunold, Rolf"]
[Result "0-1"]
[WhiteElo "1873"]
[BlackElo "2120"]
[Annotator ",Microsoft"]
[PlyCount "74"]
[EventDate "2013.??.??"]
[WhiteTeam "Hamburger SK von 1830 eV"]
[BlackTeam "Schachverein Letmathe 1933 e.V."]

1. d4 Nf6 2. Nf3 e6 3. e3 c5 4. Bd3 d5 5. b3 Qb6 6. O-O Nc6 7. dxc5 Bxc5 8. Bb2
Be7 9. Nbd2 O-O 10. c4 Nb4 11. Bb1 Bd7 12. Ne5 Rfd8 13. Qe2 Be8 14. Rc1 Rac8
15. a3 Nc6 16. b4 Nxe5 17. Bxe5 dxc4 18. Nxc4 Qb5 19. Bd3 Rxc4 20. Bxf6 Rxc1+
21. Rxc1 Rxd3 22. Bxe7 Qd7 23. a4 Rd2 24. Qe1 Qd3 25. Bc5 a6 26. a5 Bc6 27. Qf1
Qg6 28. f3 h5 29. Rd1 Rb2 30. g3 Qc2 31. Rd8+ Kh7 32. Qd3+ Qxd3 33. Rxd3 Bxf3
34. Bf8 Kg6 35. Rd8 Rg2+ 36. Kf1 Bc6 37. Rb8 Kh7 {Rest nicht rekonstruierbar}
0-1

[Event "Offene Senioren SH 2013"]
[Site "Büsum"]
[Date "2013.09.28"]
[Round "1.15"]
[White "Gerhardt, Peter-Michael"]
[Black "Schäfer, Hans-Ulrich"]
[Result "1/2-1/2"]
[WhiteElo "2089"]
[BlackElo "1871"]
[PlyCount "85"]
[EventDate "2013.??.??"]
[WhiteTeam "SC Vahr"]
[BlackTeam "SVg Böhmetal"]

1. d4 Nf6 2. c4 e6 3. Nf3 d5 4. Nc3 Bb4 5. e3 O-O 6. Bd3 a6 7. O-O dxc4 8. Bxc4
b5 9. Be2 Bb7 10. Bd2 Nbd7 11. Rc1 Rc8 12. a3 Be7 13. b4 Ne4 14. Nxe4 Bxe4 15.
Bc3 Bf6 16. Nd2 Bb7 17. Nb3 Bd5 18. f4 Qe7 19. Nd2 g6 20. Bd3 Bg7 21. Ne4 f5
22. Nc5 Nxc5 23. bxc5 Bc6 24. Be2 Qd7 25. Bf3 Rcd8 26. Bxc6 Qxc6 27. Qf3 Qxf3
28. Rxf3 c6 29. Rf2 Kf7 30. Ra1 Rb8 31. Ba5 Rb7 32. Rfa2 Rfb8 33. Kf2 Bf6 34.
Ke2 Ke8 35. Kd3 Bd8 36. Bxd8 Kxd8 37. Rb2 a5 38. e4 Re7 39. Re1 Rbb7 40. Kc3
Rbd7 41. g3 Kc7 42. Rbe2 Kd8 43. h4 1/2-1/2

[Event "Offene Senioren SH 2013"]
[Site "Büsum"]
[Date "2013.09.28"]
[Round "1.16"]
[White "Barlo, Werner"]
[Black "Nickel, Arno"]
[Result "0-1"]
[WhiteElo "1851"]
[BlackElo "2081"]
[PlyCount "74"]
[EventDate "2013.??.??"]
[WhiteTeam "SK Zehlendorf e.V."]
[BlackTeam "Flensburger SK von 1876"]

1. d4 Nf6 2. c4 c6 3. Nf3 d5 4. e3 e6 5. Nc3 Nbd7 6. Bd3 dxc4 7. Bxc4 b5 8. Bd3
a6 9. O-O c5 10. dxc5 Nxc5 11. Bc2 Bb7 12. Qe2 Be7 13. Rd1 Qc7 14. Nd4 O-O 15.
f3 Rfd8 16. Bd2 Rac8 17. Rac1 Qb8 18. a3 Bd6 19. g3 Ncd7 20. f4 Nb6 21. Be1 Nc4
22. Bd3 Qa8 23. Bxc4 Rxc4 24. Rd2 Rcc8 25. Rdc2 Ne4 26. Nxe4 Bxe4 27. Rxc8 Rxc8
28. Rxc8+ Qxc8 29. Bc3 Bxa3 30. Qg4 Bf8 31. Nf3 b4 32. Bd4 Qc1+ 33. Kf2 Qc2+
34. Kf1 Qd1+ 35. Kf2 f5 36. Qh5 g6 37. Qg5 Bxf3 0-1

[Event "Offene Senioren SH 2013"]
[Site "Büsum"]
[Date "2013.09.28"]
[Round "1.17"]
[White "Grabitz, Dr.Georg"]
[Black "Englert, Fred"]
[Result "1/2-1/2"]
[WhiteElo "2067"]
[BlackElo "1832"]
[Annotator ",Microsoft"]
[PlyCount "35"]
[EventDate "2013.??.??"]
[WhiteTeam "Schachsport Plesse Bovenden"]
[BlackTeam "SK 1982 Klingenberg/Main"]

1. e4 c6 2. Nc3 d5 3. Nf3 g6 4. exd5 cxd5 5. Bb5+ Bd7 6. Qe2 Nf6 7. d4 a6 8.
Bxd7+ Nbxd7 9. O-O Bg7 10. Re1 e6 11. Bf4 O-O 12. Qd2 Rc8 13. h3 b5 $11 14. a3
Qb6 15. Qd3 Rc6 16. Ne2 Ne4 17. c3 Re8 18. Be3 1/2-1/2

[Event "Offene Senioren SH 2013"]
[Site "Büsum"]
[Date "2013.09.28"]
[Round "1.18"]
[White "Jung, Prof.Michael"]
[Black "Quiring, Nikolai"]
[Result "0-1"]
[WhiteElo "1820"]
[BlackElo "2065"]
[PlyCount "118"]
[EventDate "2013.??.??"]
[WhiteTeam "SV Osnabrück"]
[BlackTeam "SV VHS Rendsburg"]

1. c4 b6 2. d4 e6 3. e4 Bb7 4. Nc3 Bb4 5. Bd3 f5 6. d5 fxe4 7. Bxe4 Nf6 8. Bg5
exd5 9. cxd5 Qe7 10. f3 Qe5 11. Bxf6 Bxc3+ 12. bxc3 gxf6 13. Ne2 f5 14. Bc2 Ba6
15. Bd3 Qxd5 16. Bxa6 Qxd1+ 17. Rxd1 Nxa6 18. Nd4 O-O 19. O-O Rf7 20. Rfe1 c6
21. Re5 Raf8 22. Rde1 Kg7 23. Kf2 Nc5 24. Ke3 Kg6 25. Kd2 h5 26. h4 Nb7 27. Kd3
Nd6 28. R1e2 c5 29. Nc2 Nb5 30. Kc4 Nc7 31. g3 d6 32. Re7 b5+ 33. Kd3 Kf6 34.
Rxf7+ Rxf7 35. Ne3 Rg7 36. Nf1 a5 37. f4 Ne6 38. Rb2 b4 39. cxb4 axb4 40. Ke3
Ra7 41. Nd2 Ra3+ 42. Kf2 Nd4 43. Nc4 Rf3+ 44. Kg2 Ke6 45. Rd2 Rc3 46. Nb2 Kd5
47. Na4 Ra3 48. Nb6+ Kc6 49. Nc4 Rc3 50. Nb2 Kb5 51. Kf2 d5 52. Nd1 Rc2 53. Ke3
Ka4 54. Kd3 c4+ 55. Ke3 Rxd2 56. Kxd2 Ka3 57. Ne3 Kb2 58. Nxd5 c3+ 59. Kd3 c2
0-1

[Event "Offene Senioren SH 2013"]
[Site "Büsum"]
[Date "2013.09.28"]
[Round "1.19"]
[White "Gehrmann, Rudolf-Rainer"]
[Black "Grasmeyer, Klaus-Peter"]
[Result "1-0"]
[WhiteElo "2061"]
[BlackElo "1815"]
[PlyCount "93"]
[EventDate "2013.??.??"]
[WhiteTeam "SV Eutin von 1875"]
[BlackTeam "SK Villingen"]

1. c4 Nf6 2. Nc3 c6 3. g3 d5 4. cxd5 cxd5 5. d4 e6 6. Bg2 Be7 7. Nf3 Nc6 8. O-O
O-O 9. Bf4 a6 10. Rc1 Nh5 11. Be3 Nf6 12. Na4 Na5 13. b3 b6 14. Bd2 Nb7 15. Ne5
Bd7 16. b4 Bxa4 17. Qxa4 b5 18. Qc2 Qb6 19. Qc7 Bd8 20. Qc3 Nd6 21. Qb2 Nc4 22.
Nxc4 bxc4 23. Rxc4 a5 24. Rc2 Rb8 25. Rb1 Qa6 26. b5 Qb7 27. a4 Bb6 28. Rbc1
Rfc8 29. Bf4 Rxc2 30. Qxc2 Re8 31. e3 h6 32. Qc6 Re7 33. Bd6 Rd7 34. Bc5 Rc7
35. Qxb7 Rxb7 36. Bxb6 Rxb6 37. Rc8+ Kh7 38. Ra8 Kg6 39. Rxa5 Ne8 40. Ra6 Rb7
41. e4 Nc7 42. Rc6 Nxb5 43. axb5 Rxb5 44. exd5 Rb1+ 45. Bf1 Rd1 46. dxe6 fxe6
47. Rxe6+ 1-0

[Event "Offene Senioren SH 2013"]
[Site "Büsum"]
[Date "2013.09.28"]
[Round "1.20"]
[White "Potschka, Dieter"]
[Black "Nachtkamp, Herbert"]
[Result "0-1"]
[WhiteElo "1809"]
[BlackElo "2051"]
[PlyCount "109"]
[EventDate "2013.??.??"]
[WhiteTeam "VfL Geesthacht von 1973"]
[BlackTeam "SK Norderstedt von 1975"]

1. c4 e5 2. Nc3 Nc6 3. d3 Bb4 4. Bd2 Nf6 5. e3 O-O 6. Be2 Re8 7. a3 Bxc3 8.
Bxc3 d5 9. cxd5 Nxd5 10. Bf3 Be6 11. Ne2 Qd7 12. O-O Rad8 13. Rc1 f6 14. Ng3
Nce7 15. d4 Nxc3 16. bxc3 exd4 17. cxd4 c6 18. Ne4 b6 19. Nc3 Bc4 20. Be2 Bxe2
21. Qb3+ Kh8 22. Nxe2 Ng6 23. Qc2 Rc8 24. e4 Qe7 25. Ng3 c5 26. Nf5 Qd7 27. d5
Ne7 28. Ne3 Rcd8 29. h3 Nc8 30. Rcd1 Nd6 31. f3 Re5 32. Ng4 Re7 33. Rfe1 h5 34.
Nf2 Nb5 35. Qb2 Nd4 36. Nd3 Qd6 37. Qd2 Kh7 38. Qf4 Qxf4 39. Nxf4 g6 40. Re3
Kg7 41. Kf2 h4 42. Rc3 Kf7 43. Ne6 Nxe6 44. dxe6+ Ke8 45. Rxd8+ Kxd8 46. Rd3+
Kc7 47. f4 Rxe6 48. Kf3 Rd6 49. Re3 Kc6 50. g4 hxg3 51. Kxg3 c4 52. e5 fxe5 53.
fxe5 Rd3 54. Rxd3 cxd3 55. Kf3 0-1

[Event "Offene Senioren SH 2013"]
[Site "Büsum"]
[Date "2013.09.28"]
[Round "1.21"]
[White "Schirmer, Werner"]
[Black "Van Houten, Henk"]
[Result "1-0"]
[WhiteElo "2040"]
[BlackElo "1777"]
[PlyCount "39"]
[EventDate "2013.??.??"]
[WhiteTeam "Hamburger SK von 1830 eV"]
[BlackTeam "Schachclub Gronau 1920 e.V."]

1. e4 e5 2. Nf3 Nc6 3. Bb5 g6 4. O-O Bg7 5. c3 a6 6. Ba4 b5 7. Bc2 Nge7 8. d4
d6 9. h3 exd4 10. cxd4 O-O 11. Be3 Bb7 12. Nc3 Na5 13. Bf4 c5 14. Rc1 c4 15.
Ne2 h6 16. Qd2 g5 17. Bxd6 Qxd6 18. Qxa5 Nc6 19. Qd2 Ne5 20. dxe5 1-0

[Event "Offene Senioren SH 2013"]
[Site "Büsum"]
[Date "2013.09.28"]
[Round "1.22"]
[White "Hilbig, Klaus"]
[Black "Berenstein, Alexander"]
[Result "1/2-1/2"]
[WhiteElo "1759"]
[BlackElo "2036"]
[PlyCount "92"]
[EventDate "2013.??.??"]
[WhiteTeam "Ahrensburger TSV"]
[BlackTeam "SV VHS Rendsburg"]

1. d4 Nf6 2. Nf3 b6 3. e3 Bb7 4. Nbd2 g6 5. Bd3 d5 6. O-O Bg7 7. Ne5 O-O 8. b3
Nbd7 9. Bb2 e6 10. b4 Nxe5 11. dxe5 Nd7 12. f4 c5 13. bxc5 bxc5 14. c4 Nb6 15.
a4 dxc4 16. Nxc4 Nd5 17. Rb1 Bc6 18. e4 Nb4 19. Nd6 Nxd3 20. Qxd3 Bxa4 21. Qc4
Qd7 22. Ba3 Rfb8 23. Bxc5 Bf8 24. Rb4 Rxb4 25. Qxb4 a5 26. Qb6 Bc6 27. f5 Bxd6
28. Bxd6 Bxe4 29. fxe6 fxe6 30. Rc1 Qb7 31. Qf2 a4 32. h3 Rc8 33. Rc7 Qxc7 34.
Bxc7 Rxc7 35. Qf4 Rc4 36. Qf6 Bd5 37. h4 Rc8 38. Qe7 Ra8 39. Qa3 Bc6 40. Qd6
Bd5 41. Qa3 Kf7 42. g4 Ke8 43. Kf2 Kd7 44. Qd6+ Kc8 45. Qa3 Kb7 46. Ke3 Bb3
1/2-1/2

[Event "Offene Senioren SH 2013"]
[Site "Büsum"]
[Date "2013.09.28"]
[Round "1.23"]
[White "Manthey, Jürgen"]
[Black "Aufmwasser, Günter"]
[Result "1-0"]
[WhiteElo "2034"]
[BlackElo "1745"]
[PlyCount "65"]
[EventDate "2013.??.??"]
[WhiteTeam "SC Wrist-Kellinghusen von 1979"]
[BlackTeam "Schachverein 1922 Hilden"]

1. c4 Nf6 2. g3 g6 3. Bg2 Bg7 4. Nc3 c6 5. e4 O-O 6. Nge2 d6 7. O-O Na6 8. d4
Nc7 9. h3 Rb8 10. Be3 Kh8 11. Qd2 Bd7 12. Rfd1 Ng8 13. f4 b5 14. cxb5 Nxb5 15.
Nxb5 Rxb5 16. Nc3 Rb8 17. Rab1 f5 18. e5 Be8 19. b4 a5 20. bxa5 Rxb1 21. Nxb1
d5 22. Qb4 e6 23. Nc3 Bd7 24. Rb1 Re8 25. Na4 Bf8 26. Qb6 Be7 27. Bf1 Qa8 28.
a6 Bc8 29. a7 Bd7 30. Qb7 Rd8 31. Bd2 Be8 32. Ba5 Rc8 33. Ba6 1-0

[Event "Offene Senioren SH 2013"]
[Site "Büsum"]
[Date "2013.09.28"]
[Round "1.24"]
[White "Linz, Stefan"]
[Black "Hellwege, Werner"]
[Result "0-1"]
[WhiteElo "1736"]
[BlackElo "2033"]
[PlyCount "134"]
[EventDate "2013.??.??"]
[WhiteTeam "SC 1971 Bad Marienberg  e. V."]
[BlackTeam "SK Lister Turm"]

1. d4 Nf6 2. Bg5 e6 3. Nd2 d5 4. c3 c5 5. e3 Nbd7 6. Ngf3 Bd6 7. Be2 O-O 8. Qc2
Qc7 9. Rc1 b6 10. Bh4 Bb7 11. Bg3 Rac8 12. Bxd6 Qxd6 13. O-O Ne4 14. Nxe4 dxe4
15. Nd2 f5 16. Qb3 Kh8 17. f4 exf3 18. Bxf3 Ba6 19. Rf2 e5 20. d5 c4 21. Qa3
Qxa3 22. bxa3 e4 23. Be2 g6 24. Rcf1 Nf6 25. Nb1 Nxd5 26. Re1 Nxe3 27. Nd2 Nd5
28. Nb1 b5 29. Bd1 Bb7 30. Rd2 Nf4 31. Rd7 Rb8 32. Bc2 Rfd8 33. Red1 Nd3 34.
Rxd8+ Rxd8 35. g3 Kg7 36. Kf1 Kf6 37. Ke2 g5 38. Rf1 Ke5 39. Nd2 Rd6 40. a4 a6
41. axb5 axb5 42. a4 Ba6 43. Rb1 Rd5 44. axb5 Bxb5 45. Ra1 f4 46. gxf4+ gxf4
47. Ra7 h6 48. Re7+ Kf6 49. Rxe4 Re5 50. Rxe5 Nxe5 51. h3 Kg5 52. Ne4+ Kh4 53.
Nf2 Bd7 54. Be4 Bxh3 55. Nxh3 Kxh3 56. Kf2 Kh2 57. Bd5 Kh3 58. Be6+ Kh4 59. Bd5
Kg5 60. Be4 h5 61. Bd5 Kf5 62. Bb7 Ng4+ 63. Kf3 Ne3 64. Ba6 Ke5 65. Bb5 h4 66.
Ke2 h3 67. Bc6 Nd5 0-1

[Event "Offene Senioren SH 2013"]
[Site "Büsum"]
[Date "2013.09.28"]
[Round "1.25"]
[White "Hamann, Guenter"]
[Black "Eberhardt, Michael"]
[Result "1-0"]
[WhiteElo "2030"]
[BlackElo "1724"]
[Annotator ",Microsoft"]
[PlyCount "71"]
[EventDate "2013.??.??"]
[WhiteTeam "SV VHS Rendsburg"]
[BlackTeam "SC Agon Neumünster"]

1. c4 Nf6 2. Nc3 d5 3. cxd5 Nxd5 4. d4 Nc6 5. e4 Nxc3 6. bxc3 e6 7. Nf3 Be7 8.
Bd3 Bd7 9. O-O Na5 10. Ne5 c5 11. Qh5 O-O 12. f4 Nc6 13. Rf3 f5 14. Rh3 h6 15.
exf5 Nxe5 16. fxe5 Qe8 17. Bc4 Qxh5 18. Rxh5 b5 19. Bxe6+ Bxe6 20. fxe6 Rad8
21. Be3 cxd4 22. cxd4 Rfe8 23. Rf5 Bg5 24. Kf2 Bxe3+ 25. Kxe3 Rxe6 26. Rc1 Ra6
27. Rf2 Rb6 28. Rc7 a5 29. Rd2 b4 30. Ke4 a4 31. Rb2 b3 32. axb3 Rb4 33. Rc4
Rdb8 34. Rxb4 Rxb4 35. Ra2 axb3 36. Rb2 {Rest niucht rekonstruierbar} 1-0